00623nam a2200169Ia 4500003000900000008004100009020001800050040001600068080001600084100006600100245010400166260006500270490005000335650002400385650002600409650001800435IN-BaIIA211028s9999 xx 000 0 eng d a0-8194-2260-6 cIIA Library a535.33bWOL aWolfe, W. L.  0aIntroduction to imaging spectrometerscW. L. Wolfe  aUSAbThe International Society for Optical Engineeringc1997 aTutorial Texts in Optical Engineering v. TT25 aImaging instruments aMultispectral imaging aSpectrometers